Вып. 44; Проблемы бионики

Dettagli Bibliografici
Parent link:Проблемы бионики: республиканский межведомственный научно-технический сборник/ Харьковский институт радиоэлектроники им. М. К. Янгеля. Вып. 44.— , 1968-1991
Lingua:russo
Pubblicazione: 1990
Soggetti:
Natura: Libro
KOHA link:https://koha.lib.tpu.ru/cgi-bin/koha/opac-detail.pl?biblionumber=229290

MARC

LEADER 00000nam2a2200000 4500
001 229290
005 20231101230930.0
035 |a (RuTPU)RU\TPU\book\249890 
090 |a 229290 
100 |a 20130110d1990 k y0rusy50 ca 
101 0 |a rus 
102 |a UA 
105 |a a z 001zy 
200 0 |a Вып. 44 
210 |d 1990 
215 |a 145 с.  |c ил. 
320 |a Библиография в конце статей 
461 1 |0 (RuTPU)RU\TPU\book\163654  |t Проблемы бионики  |o республиканский межведомственный научно-технический сборник  |f Харьковский институт радиоэлектроники им. М. К. Янгеля  |v Вып. 44  |d 1968-1991 
606 1 |a Бионика  |x Кибернетика  |2 stltpush  |3 (RuTPU)RU\TPU\subj\28729  |9 52230 
610 1 |a человеческий интеллект 
610 1 |a формальное описание 
610 1 |a научные исследования 
610 1 |a психологическая бионика 
610 1 |a моделирование 
610 1 |a бионические методы 
610 1 |a язык 
610 1 |a речь 
610 1 |a диалоговые системы 
675 |a 681.5:57  |v 3 
801 1 |a RU  |b 63413507  |c 20130110 
801 2 |a RU  |b 63413507  |c 20140321  |g RCR 
942 |c BK